<?xml version="1.0" encoding="UTF-8"?>
<collection xmlns="http://www.loc.gov/MARC21/slim">
  <record>
    <leader>00000nam  2200000   4500</leader>
    <controlfield tag="001">INLIS000000000010765</controlfield>
    <controlfield tag="005">20240501015848</controlfield>
    <datafield tag="035" ind1="#" ind2="#">
      <subfield code="a">0010-0524000145</subfield>
    </datafield>
    <controlfield tag="007">ta</controlfield>
    <controlfield tag="008">240501################|##########|#|##</controlfield>
    <datafield tag="100" ind1=" " ind2="#">
      <subfield code="a">SYAHRUNI , (20TIA717)</subfield>
    </datafield>
    <datafield tag="245" ind1="1" ind2="#">
      <subfield code="a">Pengaruh Penggunaan Smartphone Terhadap Text Neck Syndrome (Studi Kasus, Mahasiswa Teknik Industri Agro Angkatan 2023 Politeknik Ati Makassar) /</subfield>
      <subfield code="c">Syahruni (20TIA717)</subfield>
    </datafield>
    <datafield tag="250" ind1="#" ind2="#">
      <subfield code="a">2023</subfield>
    </datafield>
    <datafield tag="260" ind1="#" ind2="#">
      <subfield code="a">Makassar :</subfield>
      <subfield code="b">Politeknik Ati Makassar, Teknik Industri Agro,</subfield>
      <subfield code="c">2023</subfield>
    </datafield>
    <datafield tag="856" ind1="#" ind2="#">
      <subfield code="a">OPAC (Rak CD -ROM - TA  TIA 2023)</subfield>
    </datafield>
    <datafield tag="990" ind1="#" ind2="#">
      <subfield code="a">26/ CD- TA-2023</subfield>
    </datafield>
  </record>
</collection>
